00881nam a22002297a 45000010005000000030006000050050017000110080041000280200017000690400029000860500018001150820008001331000020001412450098001612600040002593000044002994900023003435050010003665200226003765210029006025210020006318008FISKH20250818154555.0250818b cb ||||| |||| 00| 0 eng d a725961004996 aFISKHbengcFISKHdFISKH aPZ7.L323817 L a334 aLarsen, Kirsten aLizzie goes wild / cAdapted by Kirsten Larsen : Based on the series created by Terri Minsky  aNew York : bDisnep Press , c2002. a132 pages : billustrations ;c20 cm .  aLizzie McGuire v3 aK  aEveryone knows that Angel Lieberman is big-time trouble. That's why Lizzie stays as far away from her as possible. But when Lizzie and Angel get thrown into detention together, Lizzie realizes that Angel is misunderstood.8 a510 bLexile estimate 8 aK bRaz-Plus